000 00808nam a22002417a 4500
999 _c4088
_d4088
005 20251008083326.0
008 250114b ||||| |||| 00| 0 eng d
020 _a9780141342935
040 _cKH8
082 _a832 WAL
100 _aWALLIAMS,DAVID
_eAUTHOR
245 _aAWFUL AUNTIE
260 _a80 Strand, London, WC2R 0RL, United Kingdom
_bPenguin Books
_c2014
300 _a416 Pages
_bBlack and white illustrations
_c21 cm x 14 cm
500 _aFirst published in 2014.
520 _aA humorous and spooky children’s novel about a wicked aunt and the adventures she causes.
521 _aAges 8-12
650 _2Children’s stories
_aJuvenile fiction
650 _2Humorous stories
_aJuvenile fiction
655 _aJuvenile fiction
700 _aRoss,Tony
_eillustrator
942 _2ddc
_cFIC